000 00390nam a2200133Ia 4500
008 220216s9999 xx 000 0 und d
100 _aDissanayake A B
245 0 _aReport on the sulphur dusting of smallholdings in 1961
260 _bRubber Research Institute of Ceylon Quarterly Journal
_c1961
300 _a83-90
650 _aSmallholdings
650 _aSulphur dusting
942 _cJS
999 _c66775
_d66775